网易云热门儿歌(宝宝巴士&贝乐虎)top20+ Top20+ baby songs - Statistics

General Stats
  • This quiz has been taken 31 times
    28 since last reset
  • The average score is 4 of 30
Answer Stats
厂牌 排名 单曲 % Correct
宝宝巴士 2 两只老虎
65%
宝宝巴士 19 我会自己上厕所
52%
宝宝巴士 1 小兔子乖乖
30%
贝乐虎 1 小兔子乖乖
30%
宝宝巴士 3 数鸭子
26%
宝宝巴士 9 小燕子
26%
贝乐虎 6 小星星
26%
宝宝巴士 18 卖报歌
22%
宝宝巴士 6 拔萝卜
17%
宝宝巴士 10 采蘑菇的小姑娘
13%
宝宝巴士 13 小螺号
13%
贝乐虎 3 虫儿飞
13%
宝宝巴士 5 小手拍拍
9%
宝宝巴士 8 世上只有妈妈好
9%
宝宝巴士 12 春天在哪里
9%
宝宝巴士 16 一只哈巴狗
9%
宝宝巴士 20 摇篮曲
9%
贝乐虎 2 蜗牛与黄鹂鸟
9%
贝乐虎 10 一只哈巴狗
9%
宝宝巴士 4 白龙马
4%
宝宝巴士 7 幸福拍手歌
4%
宝宝巴士 14 爱我你就抱抱我
4%
宝宝巴士 15 蓝精灵
4%
宝宝巴士 17 英文字母歌
4%
贝乐虎 4 小毛驴
4%
贝乐虎 5 鲨鱼一家
4%
贝乐虎 8 小白兔白又白
4%
宝宝巴士 11 铃儿响叮当
0%
贝乐虎 7 我上幼儿园
0%
贝乐虎 9 快乐起床歌
0%
No matching quizzes found
Score Distribution
Percent of People with Each Score
Percentile by Number Answered
Your Score History
You have not taken this quiz since the last reset